Racionalizácia manažérskeho účtovníctva vo vybranom podniku diplomová práca

Guardado en:
Detalles Bibliográficos
Autor principal: Korpášová, Alena
Autor Corporativo: Fakulta hospodárskej informatiky EU. Katedra účtovníctva a audítorstva
Otros Autores: Antalová, Renáta
Formato: Libro
Lenguaje:eslovaco
Publicado: Bratislava 2012
Etiquetas: Agregar Etiqueta
Sin Etiquetas, Sea el primero en etiquetar este registro!

MARC

LEADER 00000nbm a2200000 4500
001 0154788
005 20161109102144.8
041 0 |a slo 
044 |a SK 
245 1 0 |a Racionalizácia manažérskeho účtovníctva vo vybranom podniku  |b diplomová práca  |c Alena Korpášová ; školiteľ: Renáta Antalová 
264 1 |a Bratislava  |c 2012 
300 |a 62 s. 
100 1 |a Korpášová, Alena 
700 1 |a Antalová, Renáta 
710 2 |a Fakulta hospodárskej informatiky EU. Katedra účtovníctva a audítorstva